| 000 | 00689nam a22002057a 4500 | ||
|---|---|---|---|
| 003 | koha_MIRAKIL | ||
| 005 | 20250529102858.0 | ||
| 008 | 250529b tur||||| |||| 00| 0 tur d | ||
| 020 | _a9789752840591 | ||
| 040 |
_aTR-IsEVY _btur _cTR-IsEVY |
||
| 082 | _aPD 305 ÖND/A | ||
| 100 | _aÖnder, Alev | ||
| 245 | 0 |
_aAilede iletişim : _bkonuşarak ve dinleyerek anlaşalım / _cAlev Önder. |
|
| 250 | _a2. bs. | ||
| 260 |
_aİstanbul : _bMorpa Kültür Yayınları, _c2004. |
||
| 300 |
_a143 s. : _bresimli ; _c19 cm. |
||
| 650 |
_aİletişim. _vÖğretmen Mesleki Gelişim Kitapları. _vAilede İletişim. _vKonuşmak. _vDinlemek. |
||
| 650 | _aProfessional Development. | ||
| 942 |
_2ddc _cBK |
||
| 999 |
_c22386 _d22386 |
||